Asomiya bhasa sahitya sanskriti/ (Record no. 10563)

MARC details
000 -LEADER
fixed length control field 00729cam a2200253ua 4500
005 - DATE AND TIME OF LATEST TRANSACTION
control field 20230330135106.0
008 - FIXED-LENGTH DATA ELEMENTS--GENERAL INFORMATION
fixed length control field 191104n ii |||gr||||Z||||||asm
020 ## - INTERNATIONAL STANDARD BOOK NUMBER
International Standard Book Number 9789352655090
040 ## - CATALOGING SOURCE
Transcribing agency MAIN
Original cataloging agency IN-DiNC
041 ## - LANGUAGE CODE
Language code of sung or spoken text Assamese
082 ## - DEWEY DECIMAL CLASSIFICATION NUMBER
Classification number 891.4514
Item number ASO
245 ## - TITLE STATEMENT
Title Asomiya bhasa sahitya sanskriti/
Statement of responsibility, etc. edited by Ratneswar Mili and Momi Sarma
250 ## - EDITION STATEMENT
Edition statement 1st ed.
260 ## - PUBLICATION, DISTRIBUTION, ETC.
Place of publication, distribution, etc. Guwahati:
Name of publisher, distributor, etc. Olympia prakashan,
Date of publication, distribution, etc. 2016.
300 ## - PHYSICAL DESCRIPTION
Extent 524p.
650 ## - SUBJECT ADDED ENTRY--TOPICAL TERM
Topical term or geographic name entry element Assamese language
650 ## - SUBJECT ADDED ENTRY--TOPICAL TERM
Topical term or geographic name entry element Assamese literature
650 ## - SUBJECT ADDED ENTRY--TOPICAL TERM
Topical term or geographic name entry element Assamese culture
700 ## - ADDED ENTRY--PERSONAL NAME
Personal name Mili, Ratneswar
Relator term Editor
700 ## - ADDED ENTRY--PERSONAL NAME
Personal name Sarma, Momi
Relator term Editor
942 ## - ADDED ENTRY ELEMENTS (KOHA)
Koha item type Books
Source of classification or shelving scheme Dewey Decimal Classification
653 ## - INDEX TERM--UNCONTROLLED
Uncontrolled term East Indo-European & Celtic literatures
653 ## - INDEX TERM--UNCONTROLLED
Uncontrolled term Assamese literature
Holdings
Withdrawn status Lost status Source of classification or shelving scheme Damaged status Not for loan Collection code Home library Current library Shelving location Date acquired Cost, normal purchase price Total Checkouts Full call number Barcode Date last seen Date last checked out Copy number Price effective from Koha item type
    Dewey Decimal Classification     Assamese Central Library, Naharkatiya College Central Library, Naharkatiya College General Stacks 19/09/2020 600.00 1 891.4514 ASA 26702 10/03/2022 17/02/2022 1 19/09/2020 Books
    Dewey Decimal Classification     Assamese Central Library, Naharkatiya College Central Library, Naharkatiya College General Stacks 24/03/2021 600.00   891.4514 ASA 25552 24/03/2021   2 24/03/2021 Books
    Dewey Decimal Classification     Assamese Central Library, Naharkatiya College Central Library, Naharkatiya College General Stacks 30/03/2023 600.00 1 891.4514 ASO 25651 01/10/2024 11/09/2024 3 30/03/2023 Books

Naharkatiya College © 2020. All rights reserved.

Powered By